000 00799nam a2200253Ia 4500
003 OSt
005 20221005081858.0
006 a|||||r|||| 00| 0
007 ta
008 221004b |||||||| |||| 00| 0 eng d
020 _a9788132118343 (hbk)
_c895
024 _a14719
037 _b103635, 28/07/2014, International Book Distributors
_cTextual
040 _aCRL
_cCRL
_beng
041 _2eng
_aeng
082 _aQ.1, Q4
100 _aBalslev Anindita N Ed.
_9476183
245 0 _aOn world religious
_b Diversity not dissension
260 _aNew Delhi
_bSage Publication India
_c2014
300 _axv,281p.
_ccm.
650 _aRELIGION
942 _hQ.1, Q4
_cTEXL
_2cc
999 _c988378
_d988378